По прочтении сжечь: роман

Podrobná bibliografie
Hlavní autor: Ким Р. Н. Роман Николаевич
Shrnutí:Говорят, что один агент порой может сделать больше, чем целая армия. Но если это утверждение верно, почему американцы, знавшие секреты Японии допустили трагедию Пёрл-Харбора? Об этой и других жгучих тайнах Второй мировой войны рассказывается в остросюжетных произведениях Романа Кима, которые вот уже больше сорока лет радуют поклонников военных приключений.
Jazyk:ruština
Vydáno: Москва, Вече, 2005
Edice:Военные приключения
Témata:
Médium: MixedMaterials Kniha
KOHA link:https://koha.lib.tpu.ru/cgi-bin/koha/opac-detail.pl?biblionumber=104170

MARC

LEADER 00000nam0a2200000 4500
001 104170
005 20231031113858.0
010 |a 5953307536 
035 |a (RuTPU)RU\TPU\book\112287 
090 |a 104170 
100 |a 20061026d2005 m y0rusy50 ca 
101 0 |a rus 
102 |a RU 
105 |a y z 000ay 
200 1 |a По прочтении сжечь  |e роман  |f Р. Н. Ким 
210 |a Москва  |c Вече  |d 2005 
215 |a 512 с. 
225 1 |a Военные приключения 
330 |a Говорят, что один агент порой может сделать больше, чем целая армия. Но если это утверждение верно, почему американцы, знавшие секреты Японии допустили трагедию Пёрл-Харбора? Об этой и других жгучих тайнах Второй мировой войны рассказывается в остросюжетных произведениях Романа Кима, которые вот уже больше сорока лет радуют поклонников военных приключений. 
610 1 |a русская литература 
610 1 |a романы 
610 1 |a приключения 
610 1 |a остросюжетные романы 
675 |a Р2  |v 3 
700 1 |a Ким  |b Р. Н.  |g Роман Николаевич 
801 1 |a RU  |b 63413507  |c 20061026  |g PSBO 
801 2 |a RU  |b 63413507  |c 20061102  |g PSBO 
942 |c BK